Science Quiz

Random Science or Astronomy Quiz

NASA Manned Space Programs Quiz Stats

 Plays Quiz Updated Feb 16, 2014

Score 0/8 Timer 01:00
0 Plays Today
Year(s) Program % Correct
1961-1972Apollo
98.8%
1963-1966Gemini
68%
1959-1963Mercury
67%
1981-2011Space Shuttle
57.1%
1998-PresentInternational Space Station
46.7%
1973-1974Skylab
35.3%
1995-1998Shuttle-Mir Program
25.7%
1975Apollo-Soyuz
16.5%

You're not logged in!

Compare scores with friends on all Sporcle quizzes.
OR
Log In

Sporcle TV

Today on Sporcle TV


Watch our educational content, quiz creation guides, and fun videos on Sporcle TV.

Show Comments

Extras

Top Quizzes Today


Score Distribution

Your Account Isn't Verified!

In order to create a playlist on Sporcle, you need to verify the email address you used during registration. Go to your Sporcle Settings to finish the process.

Report this User

Report this user for behavior that violates our Community Guidelines.

Details: